Statistiken für Deutsche Metropolregionen

Klicken Sie hier um das Quiz zu spielen!

Allgemein

  • Dieses Quiz wurde 38 mal gespielt
  • Das Durchschnittsergebnis liegt bei 42 aus 68

Antwortstatistiken

EinwohnerzahlMetropolregion% Korrekt
4.679.500Berlin
97%
2.842.100Hamburg
97%
2.230.600München
97%
5.593.000Ruhrgebiet
97%
3.210.500Frankfurt
94%
4.903.700Köln/Düsseldorf
94%
985.200Bremen
92%
1.129.600Hannover
92%
750.600Leipzig
92%
2.351.400Stuttgart
92%
827.800Dresden
89%
354.500Freiburg
89%
1.180.500Nürnberg/Erlangen
89%
336.600Braunschweig
86%
325.300Kiel
86%
293.100Ulm
83%
515.500Augsburg
81%
295.200Magdeburg
81%
1.554.100Mannheim
81%
243.000Rostock
81%
129.200Wolfsburg
81%
340.200Kassel
78%
306.700Münster
78%
932.500Bielefeld
75%
210.800Erfurt
75%
316.500Halle
75%
506.600Karlsruhe
75%
293.600Lübeck
75%
573.200Aachen
72%
269.100Oldenburg
72%
281.200Osnabrück
72%
243.200Regensburg
72%
817.100Saarbrücken
72%
441.600Chemnitz
69%
113.800Flensburg
69%
136.800Göttingen
69%
110.600Jena
67%
199.500Ingolstadt
64%
350.000Koblenz
64%
189.600Paderborn
64%
111.000Schwerin
64%
195.100Würzburg
64%
124.300Kaiserslautern
61%
157.100Trier
61%
117.400Bamberg
56%
101.300Cottbus
56%
170.200Zwickau
53%
333.200Heilbronn
50%
244.100Siegen
50%
501.000Mönchengladbach
47%
280.600Reutlingen
47%
278.200Gießen
44%
215.100Pforzheim
44%
175.200Bremerhaven
42%
105.200Fulda
39%
166.600Rosenheim
39%
127.100Lüneburg
28%
117.700Wilhelmshaven
28%
100.500Schweinfurt
19%
125.200Villingen-Schwenningen
17%
108.600Landshut
14%
148.600Düren
11%
174.000Gummersbach
11%
131.100Lörrach
11%
128.100Minden
11%
103.400Gaggenau
8%
122.100Bad Oeynhausen
6%
101.400Bensheim
0%

Verteilung der Resultate

Perzentil nach korrekt beantworteten Fragen

Anzahl Personen mit jedem Resultat

Ihre Resultats-Entwicklung

Sie haben dieses Quiz noch nicht gespielt